000
00352nam a22001217a 4500
003
SGT
082
_a
200
_b
V15K
100
_a
कोठरी, गुलाब
245
_a
वाक् सूक्त : वेद विज्ञान माला
260
_b
ओझा वैदिक अध्ययन
_c
2015
300
_a
97
942
_2
ddc
_c
BK
999
_c
31723
_d
31723